Risk assessment and risk management for the chemical process industry

Đã lưu trong:
Chi tiết về thư mục
Những tác giả chính: Greenberg, Harris R (Tác giả), Cramer, Joseph J (Tác giả)
Tác giả của công ty: Stone and Webster Engineering Corporation (Tác giả)
Định dạng: Sách
Ngôn ngữ:Tiếng Tây Ban Nha
Được phát hành: Nueva York Van Nostrand Reinhold 1991
Phiên bản:1a. ed
Loạt:Industrial Hygiene, Chemical Engineering
Những chủ đề:
Các nhãn: Thêm thẻ
Không có thẻ, Là người đầu tiên thẻ bản ghi này!

MARC

LEADER 00000nam a2200000 a 4500
001 UCH9957
003 CL-VaPUC
008 100304e19910000US |||||||||||||||||spa|d
020 |a 0442234384 
082 0 4 |a 660.2804  |b GRE  |2 21 
100 0 |a Greenberg, Harris R  |e author  |9 547286 
700 0 |a Cramer, Joseph J  |e author  |9 547287 
110 2 |a Stone and Webster Engineering Corporation  |e author  |9 547288 
245 1 0 |a Risk assessment and risk management for the chemical process industry 
250 |a 1a. ed 
300 |a 369 p 
942 |c BK 
945 |d 20100304 00:00:00  |a cmena 
260 |a Nueva York  |b Van Nostrand Reinhold  |c 1991 
650 7 |a PLANTAS QUIMICAS  |2 CL-VaPUC  |9 336641 
650 0 |a Riesgos   |9 430723 
650 0 |a Evaluación de riesgos  |9 420739 
650 0 |a Planificación estratégica   |9 259735 
650 0 |a Prevención de riesgos   |9 387495 
583 |a last modification  |c 20100304 00:00:00  |k Rodrigo Vera 
490 0 |a Industrial Hygiene, Chemical Engineering 
999 |c 339779  |d 339777 
952 |0 0  |1 0  |4 0  |6 660_280400000000000_GRE_1991  |7 0  |8 A  |9 433687  |a BIBING  |b BIBING  |d 2019-11-22  |i 4641612  |o 660.2804 GRE 1991  |p 4641612  |r 2025-01-20  |w 2019-11-22  |y BK  |k EIQ